[Event "SM-2022-0-00459"]
[Site "LSS email"]
[Date "2022.01.15"]
[Round "?"]
[White "Rolle, Hannes"]
[Black "Mesquita Jr, Fausto Monteiro"]
[Result "1-0"]
[WhiteElo "2274"]
[BlackElo "2191"]
[PlyCount "63"]
[EventDate "2021.12.18"]
[EventType "tourn (corr)"]
[EventRounds "6"]
[EventCountry "GER"]
[SourceTitle "Corr 2024"]
[Source "ChessBase"]
[SourceDate "2023.10.19"]
[SourceVersion "1"]
[SourceVersionDate "2023.10.19"]
[SourceQuality "1"]

1. e4 e6 2. d4 c5 3. d5 a6 4. Nc3 d6 5. a4 Be7 6. Bc4 Nf6 7. Nge2 exd5 8. Nxd5 0-0 9. 0-0 Nxd5 10. Bxd5 Bg5 11. f4 Bf6 12. Ra3 Be6 13. Bxb7 Ra7 14. Bd5 Re7 15. Bxe6 fxe6 16. e5 dxe5 17. Qxd8 Rxd8 18. fxe5 Bxe5 19. Bg5 Bf6 20. Bxf6 gxf6 21. Rxf6 Nd7 22. Rg3+ Kh8 23. Rf1 c4 24. Rf4 Nb6 25. Nc3 Rb7 26. h3 Rg8 27. Rgf3 Nd7 28. Nd1 Rb4 29. Rd4 Rg7 30. a5 Rb5 31. Rxc4 Rxa5 32. Rc6 1-0

[Event "SM-2022-0-00459"]
[Site "LSS email"]
[Date "2022.01.14"]
[Round "?"]
[White "Wosch, Arkadiusz"]
[Black "Rolle, Hannes"]
[Result "1/2-1/2"]
[WhiteElo "2300"]
[BlackElo "2274"]
[PlyCount "45"]
[EventDate "2021.12.18"]
[EventType "tourn (corr)"]
[EventRounds "6"]
[EventCountry "GER"]
[SourceTitle "Corr 2024"]
[Source "ChessBase"]
[SourceDate "2023.10.19"]
[SourceVersion "1"]
[SourceVersionDate "2023.10.19"]
[SourceQuality "1"]

1. e4 c5 2. Nf3 d6 3. d4 cxd4 4. Nxd4 Nf6 5. Nc3 a6 6. Be3 e5 7. Nb3 Be6 8. f3 h5 9. Nd5 Bxd5 10. exd5 Nbd7 11. Qd2 g6 12. Be2 Bg7 13. 0-0 b6 14. Rad1 h4 15. f4 h3 16. g3 exf4 17. gxf4 Ne4 18. Qb4 Nec5 19. Qd2 Nxb3 20. axb3 f5 21. Rfe1 Kf7 22. Bf3 a5 23. c3 1/2-1/2

[Event "SM-2021-0-00448"]
[Site "LSS email"]
[Date "2021.07.01"]
[Round "?"]
[White "Delgado, Raul"]
[Black "Rolle, Hannes"]
[Result "0-1"]
[WhiteElo "2228"]
[BlackElo "2264"]
[PlyCount "28"]
[EventDate "2021.05.11"]
[EventType "tourn (corr)"]
[EventRounds "6"]
[EventCountry "GER"]
[SourceTitle "Corr 2024"]
[Source "ChessBase"]
[SourceDate "2023.10.19"]
[SourceVersion "1"]
[SourceVersionDate "2023.10.19"]
[SourceQuality "1"]

1. g3 d5 2. Nf3 Nf6 3. Bg2 c6 4. d4 Bf5 5. 0-0 h6 6. c4 e6 7. Nc3 Nbd7 8. Qb3 Qb6 9. c5 Qxb3 10. axb3 a6 11. b4 Rd8 12. Nd2 Bc2 13. f3 g5 14. e4 Bg7 0-1

[Event "SM-2021-0-00448"]
[Site "LSS email"]
[Date "2021.07.01"]
[Round "?"]
[White "Rolle, Hannes"]
[Black "Cirulis, Ilmars"]
[Result "1/2-1/2"]
[WhiteElo "2264"]
[BlackElo "2284"]
[PlyCount "65"]
[EventDate "2021.05.11"]
[EventType "tourn (corr)"]
[EventRounds "6"]
[EventCountry "GER"]
[SourceTitle "Corr 2024"]
[Source "ChessBase"]
[SourceDate "2023.10.19"]
[SourceVersion "1"]
[SourceVersionDate "2023.10.19"]
[SourceQuality "1"]

1. e4 e5 2. Nf3 Nc6 3. Bb5 Nf6 4. 0-0 Nxe4 5. Re1 Nd6 6. Nxe5 Be7 7. Bf1 Nxe5 8. Rxe5 0-0 9. d4 Bf6 10. Re1 Re8 11. c3 Rxe1 12. Qxe1 Nf5 13. Bf4 c6 14. a4 d5 15. a5 g5 16. Be5 Bd7 17. Nd2 Bxe5 18. Qxe5 f6 19. Qe1 Qe7 20. Qxe7 Nxe7 21. Nb3 Rb8 22. Nc5 Bc8 23. b4 Kf7 24. Be2 Nf5 25. f4 gxf4 26. Nd3 Nd6 27. Bh5+ Ke7 28. Re1+ Kf8 29. Nxf4 Bf5 30. Kf1 Ne4 31. Ne2 Bg6 32. Bf3 Nd6 33. Nf4 1/2-1/2

[Event "SM-2021-0-00448"]
[Site "LSS email"]
[Date "2021.07.01"]
[Round "?"]
[White "Usmanoff, Rustam"]
[Black "Rolle, Hannes"]
[Result "1/2-1/2"]
[WhiteElo "2214"]
[BlackElo "2264"]
[PlyCount "56"]
[EventDate "2021.05.11"]
[EventType "tourn (corr)"]
[EventRounds "6"]
[EventCountry "GER"]
[SourceTitle "Corr 2024"]
[Source "ChessBase"]
[SourceDate "2023.10.19"]
[SourceVersion "1"]
[SourceVersionDate "2023.10.19"]
[SourceQuality "1"]

1. d4 Nf6 2. Nf3 e6 3. Bf4 c5 4. e3 cxd4 5. exd4 Qb6 6. Nc3 a6 7. Rb1 Nc6 8. Be2 d5 9. 0-0 Be7 10. h3 0-0 11. a3 Bd7 12. Bd3 Rac8 13. Re1 Be8 14. Qd2 Na5 15. Bg5 Qd8 16. Ne5 Nc6 17. Qe3 Nxe5 18. dxe5 Nd7 19. Bxe7 Qxe7 20. Ne2 f6 21. f4 fxe5 22. fxe5 Bg6 23. Rf1 Rxf1+ 24. Rxf1 Bxd3 25. cxd3 Nf8 26. Rf2 Ng6 27. Nd4 h6 28. g3 Qc7 1/2-1/2

[Event "SM-2021-0-00448"]
[Site "LSS email"]
[Date "2021.06.29"]
[Round "?"]
[White "Boni, Roberto"]
[Black "Rolle, Hannes"]
[Result "1/2-1/2"]
[WhiteElo "2280"]
[BlackElo "2264"]
[PlyCount "75"]
[EventDate "2021.05.11"]
[EventType "tourn (corr)"]
[EventRounds "6"]
[EventCountry "GER"]
[SourceTitle "Corr 2024"]
[Source "ChessBase"]
[SourceDate "2023.10.19"]
[SourceVersion "1"]
[SourceVersionDate "2023.10.19"]
[SourceQuality "1"]

1. e4 e5 2. Nf3 Nc6 3. Bb5 a6 4. Ba4 Nf6 5. 0-0 Be7 6. Re1 b5 7. Bb3 d6 8. c3 0-0 9. h3 Nb8 10. d4 Nbd7 11. Nbd2 Bb7 12. Bc2 Re8 13. Nf1 Bf8 14. Ng3 g6 15. a4 Bg7 16. Bd3 exd4 17. cxd4 c5 18. axb5 axb5 19. Rxa8 Bxa8 20. dxc5 Nxc5 21. Bxb5 Rf8 22. e5 dxe5 23. Nxe5 Qd5 24. Qxd5 Nxd5 25. Bc4 Re8 26. f4 Nd7 27. Bb5 Bxe5 28. fxe5 Rxe5 29. Rd1 N7b6 30. Kf2 f5 31. Ne2 Nf6 32. Nc3 Ne4+ 33. Nxe4 Rxb5 34. Nf6+ Kf7 35. Nxh7 f4 36. h4 Nd5 37. Rd4 Rb4 38. Rxb4 1/2-1/2

[Event "SM-2021-0-00445"]
[Site "LSS email"]
[Date "2021.05.12"]
[Round "?"]
[White "Rolle, Hannes"]
[Black "Khlopov, Sergej"]
[Result "1/2-1/2"]
[WhiteElo "2263"]
[BlackElo "2334"]
[PlyCount "95"]
[EventDate "2021.03.03"]
[EventType "tourn (corr)"]
[EventRounds "6"]
[EventCountry "GER"]
[SourceTitle "Corr 2024"]
[Source "ChessBase"]
[SourceDate "2023.10.19"]
[SourceVersion "1"]
[SourceVersionDate "2023.10.19"]
[SourceQuality "1"]

1. e4 c5 2. Nf3 d6 3. d4 cxd4 4. Nxd4 Nf6 5. Nc3 a6 6. f3 e5 7. Nb3 Be6 8. Be3 h5 9. Nd5 Bxd5 10. exd5 g6 11. Be2 Nbd7 12. Qd2 Bg7 13. 0-0 b6 14. Kh1 0-0 15. Rad1 Re8 16. g4 hxg4 17. fxg4 Ne4 18. Qb4 Ndc5 19. Nxc5 Nxc5 20. g5 e4 21. b3 Re7 22. Bg4 Qc7 23. h4 Nd7 24. c4 Ne5 25. Bh3 a5 26. Qxb6 Qxb6 27. Bxb6 a4 28. Bg2 axb3 29. axb3 Rb7 30. c5 e3 31. Rde1 Ng4 32. Re2 Bc3 33. Bf3 Ne5 34. Kg2 Bb4 35. Rxe3 Nxf3 36. Rfxf3 dxc5 37. Rf6 Rab8 38. d6 Rxb6 39. d7 Re6 40. Rexe6 fxe6 41. Rxg6+ Kf7 42. Rh6 Rd8 43. Rh7+ Kg6 44. Re7 c4 45. Rxe6+ Kf5 46. Rf6+ Kg4 47. Rc6 Be1 48. Rxc4+ 1/2-1/2

[Event "SM-2021-0-00442"]
[Site "LSS email"]
[Date "2021.03.19"]
[Round "?"]
[White "Bujdak, Pavel"]
[Black "Rolle, Hannes"]
[Result "1/2-1/2"]
[WhiteElo "2203"]
[BlackElo "2261"]
[PlyCount "49"]
[EventDate "2021.01.21"]
[EventType "tourn (corr)"]
[EventRounds "6"]
[EventCountry "GER"]
[SourceTitle "Corr 2024"]
[Source "ChessBase"]
[SourceDate "2023.10.19"]
[SourceVersion "1"]
[SourceVersionDate "2023.10.19"]
[SourceQuality "1"]

1. e4 c5 2. Nf3 d6 3. d4 cxd4 4. Nxd4 Nf6 5. Nc3 a6 6. h3 g6 7. g4 Bg7 8. Bg2 h5 9. g5 Nfd7 10. Nde2 Nc6 11. f4 b5 12. f5 Bb7 13. 0-0 Bxc3 14. Nxc3 Nce5 15. Nd5 0-0 16. Rf2 Rc8 17. Qe1 Qe8 18. Bf4 Bxd5 19. exd5 gxf5 20. Qe2 Ng6 21. Bg3 h4 22. Bh2 Nde5 23. a3 e6 24. Rd1 Qd8 25. Bxe5 1/2-1/2

[Event "SM-2021-0-00442"]
[Site "LSS email"]
[Date "2021.03.02"]
[Round "?"]
[White "Moskalenko, Eduard"]
[Black "Rolle, Hannes"]
[Result "1/2-1/2"]
[WhiteElo "2241"]
[BlackElo "2261"]
[PlyCount "53"]
[EventDate "2021.01.21"]
[EventType "tourn (corr)"]
[EventRounds "6"]
[EventCountry "GER"]
[SourceTitle "Corr 2024"]
[Source "ChessBase"]
[SourceDate "2023.10.19"]
[SourceVersion "1"]
[SourceVersionDate "2023.10.19"]
[SourceQuality "1"]

1. d4 Nf6 2. c4 e6 3. Nc3 Bb4 4. e3 0-0 5. Bd3 d5 6. cxd5 exd5 7. Nge2 Re8 8. 0-0 Bd6 9. Bd2 b6 10. a3 c5 11. h3 Nc6 12. dxc5 bxc5 13. b4 cxb4 14. Nb5 a5 15. Nxd6 Qxd6 16. axb4 Nxb4 17. Bb5 Bd7 18. Bxd7 Nxd7 19. Nd4 Ne5 20. Qb3 Nbc6 21. Nxc6 Nxc6 22. Rfc1 d4 23. Qb5 dxe3 24. Bxe3 Nd4 25. Bxd4 Qxd4 26. Rxa5 g6 27. Rxa8 1/2-1/2

[Event "RM-2021-0-00236"]
[Site "LSS email"]
[Date "2021.02.27"]
[Round "?"]
[White "Enev, Zlatko"]
[Black "Rolle, Hannes"]
[Result "1/2-1/2"]
[WhiteElo "2368"]
[BlackElo "2257"]
[PlyCount "59"]
[EventDate "2021.01.09"]
[EventType "tourn (corr)"]
[EventRounds "6"]
[EventCountry "GER"]
[SourceTitle "Corr 2022"]
[Source "ChessBase"]
[SourceDate "2021.10.24"]
[SourceVersion "1"]
[SourceVersionDate "2021.10.24"]
[SourceQuality "1"]

1. e4 c5 2. Nf3 d6 3. d4 cxd4 4. Nxd4 Nf6 5. Nc3 a6 6. f3 e5 7. Nb3 Be6 8. Be3 h5 9. Nd5 Bxd5 10. exd5 g6 11. Qd2 Nbd7 12. 0-0-0 Rc8 13. Kb1 Bg7 14. h3 Qc7 15. c4 b6 16. Be2 h4 17. Qe1 a5 18. Nd2 Nc5 19. Rf1 Nh5 20. Qxh4 Nf4 21. Qf2 f5 22. g3 Ncd3 23. Bxd3 Nxd3 24. Qe2 e4 25. fxe4 Nxb2 26. exf5 0-0 27. f6 Rxf6 28. Rxf6 Bxf6 29. Rf1 Bg7 30. Rf4 1/2-1/2

[Event "RM-2021-0-00236"]
[Site "LSS email"]
[Date "2021.02.27"]
[Round "?"]
[White "Susla, Vitaliy"]
[Black "Rolle, Hannes"]
[Result "1/2-1/2"]
[WhiteElo "2315"]
[BlackElo "2257"]
[PlyCount "42"]
[EventDate "2021.01.09"]
[EventType "tourn (corr)"]
[EventRounds "6"]
[EventCountry "GER"]
[SourceTitle "Corr 2022"]
[Source "ChessBase"]
[SourceDate "2021.10.24"]
[SourceVersion "1"]
[SourceVersionDate "2021.10.24"]
[SourceQuality "1"]

1. d4 Nf6 2. c4 e6 3. Nf3 b6 4. g3 Ba6 5. b3 Bb4+ 6. Bd2 Be7 7. Bg2 c6 8. Bc3 d5 9. 0-0 Nbd7 10. Nbd2 0-0 11. Qc2 c5 12. a4 Bb7 13. a5 dxc4 14. bxc4 cxd4 15. Nxd4 Bxg2 16. Kxg2 Qc7 17. Rfb1 Rfd8 18. f3 h6 19. Nb5 Qc6 20. Qb2 Bc5 21. Nb3 Be7 1/2-1/2

[Event "SM-2020-0-00417"]
[Site "LSS email"]
[Date "2020.01.17"]
[Round "?"]
[White "Paulesu, Sebastiano"]
[Black "Rolle, Hannes"]
[Result "1/2-1/2"]
[WhiteElo "2291"]
[BlackElo "2325"]
[PlyCount "57"]
[EventDate "2020.01.17"]
[EventType "tourn (corr)"]
[EventRounds "6"]
[EventCountry "GER"]
[SourceTitle "Corr 2022"]
[Source "ChessBase"]
[SourceDate "2021.10.24"]
[SourceVersion "1"]
[SourceVersionDate "2021.10.24"]
[SourceQuality "1"]

1. e4 c5 2. Nf3 d6 3. d4 cxd4 4. Nxd4 Nf6 5. Nc3 a6 6. Be3 e5 7. Nb3 Be6 8. f3 h5 9. Qd2 Nbd7 10. Nd5 Bxd5 11. exd5 g6 12. Be2 Bg7 13. 0-0 b6 14. c4 0-0 15. Rae1 Re8 16. Kh1 Rc8 17. Qd1 Nc5 18. Nxc5 bxc5 19. b3 Qd7 20. Qd2 e4 21. f4 Ng4 22. Bxg4 Qxg4 23. f5 gxf5 24. Qf2 Bc3 25. Rc1 Be5 26. Qxf5 Rc7 27. h3 Qg6 28. Qxg6+ fxg6 29. Rce1 1/2-1/2

[Event "SM-2020-0-00417"]
[Site "LSS email"]
[Date "2020.01.17"]
[Round "?"]
[White "Rolle, Hannes"]
[Black "Pilgram, Kurt"]
[Result "1/2-1/2"]
[WhiteElo "2325"]
[BlackElo "2217"]
[PlyCount "79"]
[EventDate "2020.01.17"]
[EventType "tourn (corr)"]
[EventRounds "6"]
[EventCountry "GER"]
[SourceTitle "Corr 2022"]
[Source "ChessBase"]
[SourceDate "2021.10.24"]
[SourceVersion "1"]
[SourceVersionDate "2021.10.24"]
[SourceQuality "1"]

1. e4 c5 2. Nc3 d6 3. Nge2 Nf6 4. d4 cxd4 5. Nxd4 a6 6. f3 e5 7. Nb3 Be7 8. Be3 Be6 9. Qd2 Nbd7 10. g4 0-0 11. 0-0-0 b5 12. g5 Nh5 13. Nd5 Bxd5 14. exd5 f5 15. gxf6 Bxf6 16. Na5 Qe8 17. Qb4 Bd8 18. Nb7 Rxf3 19. Nxd6 Qe7 20. Bd2 Rf4 21. c4 Bb6 22. Nb7 Qxb4 23. Bxb4 Rb8 24. Na5 Bxa5 25. Bxa5 bxc4 26. Bh3 Nhf6 27. d6 Rh4 28. Be6+ Kf8 29. Rhf1 Nc5 30. Bf5 Ke8 31. Bc3 g6 32. Bxe5 gxf5 33. Bxf6 Rh3 34. d7+ Nxd7 35. Bg7 Nc5 36. Rxf5 Rb5 37. Kb1 Nd3 38. Rf8+ Kd7 39. Rf4 Rc5 40. Rd4+ 1/2-1/2

[Event "SM-2019-0-00410"]
[Site "LSS email"]
[Date "2019.07.22"]
[Round "?"]
[White "Rolle, Hannes"]
[Black "Pascual Perez, Norge"]
[Result "1/2-1/2"]
[WhiteElo "2282"]
[BlackElo "2453"]
[PlyCount "101"]
[EventDate "2019.03.11"]
[EventType "tourn (corr)"]
[EventRounds "6"]
[EventCountry "GER"]
[SourceTitle "Corr 2022"]
[Source "ChessBase"]
[SourceDate "2021.10.24"]
[SourceVersion "1"]
[SourceVersionDate "2021.10.24"]
[SourceQuality "1"]

1. e4 c5 2. Nf3 Nc6 3. d4 cxd4 4. Nxd4 Nf6 5. Nc3 e5 6. Ndb5 d6 7. Bg5 a6 8. Na3 b5 9. Bxf6 gxf6 10. Nd5 f5 11. Bd3 Be6 12. 0-0 Bxd5 13. exd5 Ne7 14. c3 Bg7 15. Qh5 e4 16. Bc2 0-0 17. Rae1 Qc8 18. Bb3 a5 19. Qg5 Qb7 20. f3 h6 21. Qd2 a4 22. Bc2 b4 23. cxb4 Qxd5 24. Qxd5 Nxd5 25. fxe4 Nxb4 26. Bb1 Rfd8 27. Rxf5 Bxb2 28. Nc2 Nc6 29. Rd1 Rab8 30. Kf1 Rdc8 31. Rf2 Be5 32. Ne1 Nd4 33. Nf3 Ne6 34. Nh4 h5 35. Nf5 Rc7 36. Bc2 a3 37. Bb3 Nc5 38. Bd5 Rb2 39. Rf3 Ne6 40. Nh6+ Kg7 41. Nxf7 Rxf7 42. Bxe6 Rxf3+ 43. gxf3 Kf6 44. Bd5 Rxh2 45. Rd3 Kg5 46. Rxa3 Bg3 47. Be6 Kf4 48. Rd3 Bf2 49. a4 Be3 50. Ke1 h4 51. Rxd6 1/2-1/2

[Event "SM-2019-0-00410"]
[Site "LSS email"]
[Date "2019.03.12"]
[Round "?"]
[White "Rolle, Hannes"]
[Black "Cardoso, Sergio"]
[Result "1/2-1/2"]
[WhiteElo "2282"]
[BlackElo "2228"]
[PlyCount "57"]
[EventDate "2019.03.11"]
[EventType "tourn (corr)"]
[EventRounds "6"]
[EventCountry "GER"]
[SourceTitle "Corr 2022"]
[Source "ChessBase"]
[SourceDate "2021.10.24"]
[SourceVersion "1"]
[SourceVersionDate "2021.10.24"]
[SourceQuality "1"]

1. e4 c5 2. Nf3 d6 3. d4 cxd4 4. Nxd4 Nf6 5. Nc3 a6 6. Be3 Ng4 7. Bg5 h6 8. Bh4 g5 9. Bg3 Bg7 10. h3 Ne5 11. Nf5 Bxf5 12. exf5 Nbc6 13. Nd5 e6 14. fxe6 fxe6 15. Ne3 d5 16. Qh5+ Nf7 17. c3 Be5 18. Bxe5 Ncxe5 19. Ng4 Nxg4 20. Qxg4 Qd6 21. Bd3 0-0-0 22. 0-0-0 Ne5 23. Qe2 Nc6 24. Bc2 Rhf8 25. Kb1 Rf6 26. f3 Qe5 27. Qf2 Qf4 28. Rhe1 e5 29. Qc5 1/2-1/2

[Event "RM-2019-0-00186"]
[Site "LSS email"]
[Date "2019.02.16"]
[Round "?"]
[White "Petriv, Vasil"]
[Black "Rolle, Hannes"]
[Result "1-0"]
[WhiteElo "2200"]
[BlackElo "2303"]
[PlyCount "83"]
[EventDate "2018.07.08"]
[EventType "tourn (corr)"]
[EventRounds "6"]
[EventCountry "GER"]
[SourceTitle "Corr 2022"]
[Source "ChessBase"]
[SourceDate "2021.10.24"]
[SourceVersion "1"]
[SourceVersionDate "2021.10.24"]
[SourceQuality "1"]

1. e4 c5 2. Nf3 d6 3. d4 cxd4 4. Nxd4 Nf6 5. Nc3 a6 6. Be3 e5 7. Nb3 Be6 8. h3 Nbd7 9. g4 b5 10. Qf3 g6 11. a4 b4 12. Nd5 Bg7 13. 0-0-0 0-0 14. Bc4 Re8 15. Kb1 h6 16. Nxf6+ Nxf6 17. Bxe6 Rxe6 18. h4 Rc8 19. g5 Qc7 20. Rd2 Nh5 21. gxh6 Bf8 22. Bg5 Kh7 23. Nc1 Qb7 24. Rhd1 Rc7 25. Rd5 Re8 26. Qb3 Rec8 27. R1d2 Rc4 28. f3 Qa7 29. Na2 R8c7 30. a5 Qb7 31. R5d3 f5 32. exf5 gxf5 33. Rd1 Nf4 34. Bxf4 Rxf4 35. Rg1 Rfc4 36. Rdd1 Qb5 37. h5 Bxh6 38. Rxd6 Qc5 39. Rgd1 e4 40. fxe4 Rxe4 41. c3 bxc3 42. Nxc3 1-0